| 000 | 00759nam a2200193 4500 | ||
|---|---|---|---|
| 999 |
_c19210 _d19210 |
||
| 008 | 240219b ||||| |||| 00| 0 eng d | ||
| 020 | _a9781119982913 | ||
| 082 |
_aDC 621.382 _bW950 2023 |
||
| 100 |
_aWu, Kai. _952696 |
||
| 245 |
_aJoint communications and sensing : _bfrom fundamentals to advanced techniques / _cKai Wu, J. Andrew Zhang and Y. Jay Guo. |
||
| 260 |
_aHoboken, NJ : _bWiley-IEEE Press, _c©2023. |
||
| 300 |
_axxii, 293 pages : _billustrations ; _c24 cm. |
||
| 500 | _aIncludes bibliographical references and index. | ||
| 650 |
_aIntegrated sensing and communications. _952697 |
||
| 650 |
_aWireless sensor networks. _952698 |
||
| 700 |
_aZhang, J. Andrew _eauthor. _952699 |
||
| 700 |
_aGuo, Y. Jay _eauthor. _952700 |
||
| 942 |
_2ddc _cDC |
||